Answers Contain "Ever" - Statistics

General Stats
  • This quiz has been taken 165 times
    13 since last reset
  • The average score is 14 of 20
Answer Stats
Hint Answer % Correct
A plant that is not deciduous evergreen
100%
An increase in the body's temperature set point fever
100%
Region of tropical wetlands in southern Florida Everglades
91%
1957's "Wake Up Little Susie" was recorded by this duo. Everly Brothers
91%
Quoth the raven Nevermore
91%
Verb: To cut off, detach, disconnect sever
91%
1962 thriller starring Bette Davis and Joan Crawford {What} {Ever} {Happened} {to} {Baby} {Jane}?
91%
1996–2005 sitcom starring Ray Romano Everybody Loves Raymond
82%
Cliched final three words of a fairy tale happily ever after
82%
A simple machine consisting of a beam pivoted at a fulcrum lever
82%
1997 signature song of the Foo Fighters Everlong
73%
Party game in which players ask others about things they haven't done Never have I ever
64%
English football club based in Liverpool, England Everton
55%
1965 epic film retelling the Biblical account of the life of Jesus The Greatest Story Ever Told
55%
2020 album by Taylor Swift Evermore
45%
1972 Grammy Song of the Year by Roberta Flack The {First} {Time} {Ever} {I} {Saw} {Your} {Face}
45%
2012 Taylor Swift song, about an ex-lover surprisingly {We} {Are} {Never} {Ever} {Getting} {Back} {Together}
45%
"Father of Mine" band, or brand of grain alcohol Everclear
36%
1979 novel about Fantasia being destroyed by the Nothing The Neverending Story
36%
1995 Bryan Adams ballad from the film Don Juan DeMarco {Have} {You} {Ever} {Really} {Loved} {a} {Woman}?
27%
No matching quizzes found
Score Distribution
Percent of People with Each Score
Percentile by Number Answered
Your Score History
You have not taken this quiz since the last reset